ბათუმის შოთა რუსთაველის სახელმწიფო უნივერსიტეტის ბიბლიოთეკა

მოამბე,II: Известия II (ბიბ.ჩანაწერი № 52445)

000 -LEADER
fixed length control field 00977nam a2200241Ia 4500
001 - CONTROL NUMBER
control field 19468
003 - CONTROL NUMBER IDENTIFIER
control field GE_BSU
008 - FIXED-LENGTH DATA ELEMENTS--GENERAL INFORMATION
fixed length control field 181216s||||||||xx |||||||||||||| ||und||
040 ## - CATALOGING SOURCE
Transcribing agency GE_BSU
080 ## - UNIVERSAL DECIMAL CLASSIFICATION NUMBER
Universal Decimal Classification number 811.353.1(058)
245 ## - TITLE STATEMENT
Title მოამბე,II: Известия II
245 ## - TITLE STATEMENT
Statement of responsibility, etc. რედ:ი.აბულაძე
250 ## - EDITION STATEMENT
Edition statement ხელნაწერთა ინ-ტი
260 ## - PUBLICATION, DISTRIBUTION, ETC.
Place of publication, distribution, etc. თბილისი
260 ## - PUBLICATION, DISTRIBUTION, ETC.
Name of publisher, distributor, etc. საქართველოს მეცნიერებათა აკადემიის გამომცემლობა
260 ## - PUBLICATION, DISTRIBUTION, ETC.
Date of publication, distribution, etc. 1960
300 ## - PHYSICAL DESCRIPTION
Extent 228გვ;26სმ.
653 ## - INDEX TERM--UNCONTROLLED
Uncontrolled term ენათმეცნიერება,
653 ## - INDEX TERM--UNCONTROLLED
Uncontrolled term მიძღვნილია საქართველოში საბჭოთა ხელისუფლების დამყარების 40 წლისთავისადმი.
653 ## - INDEX TERM--UNCONTROLLED
Uncontrolled term მოამბე, II
942 ## - ADDED ENTRY ELEMENTS (KOHA)
Koha item type წიგნი
ეგზემპლარები
Withdrawn status Lost status Damaged status Not for loan Date acquired Barcode Date last seen Price effective from Koha item type
        2018-12-17 48475 2018-12-17 2018-12-17 წიგნი